000 00458njm a2200181 i 4500
001 C2-0109050
003 PPAK
005 20180729163106.0
008 970618s1991 cau|||| ||||| | eng d
040 _aPPAK
_beng
_cPPAK
_erda
245 0 0 _aHeart in motion
264 1 _aLos Angeles :
_bA & M Records Inc. ,
_c1991
336 _2rdacontent
_atext
337 _2rdamedia
_aunmediated
338 _2rdacarrier
_avolume
700 _eauthor
942 _ddc
_cB
999 _c162881
_d162881